000 00870nam a22002657a 4500
003 DO-SdBNP
005 20221101140850.0
007 ta
008 110301s20072022dr 000 0 spa d
020 _a9789945608977
040 _aDO-SdBNP
_bspa
_cBNPHU
082 4 _bA275n
100 1 _aAgosto Rosario, Moisés
_953018
_d1965-
245 1 0 _aNocturno y otros desamparos /
_cMoisés Agosto Rosario ; prólogo Rubén Ríos Ávila
260 _aPuerto Rico :
_bIsla Negra,
_c2022.
300 _a139 p. :
_c22 cm.
490 1 _aEl Canon secuestrado
500 _aIncluye datos biográficos del autor en la solapa de la cubierta.
500 _aImpreso en República Dominicana.
590 _aInventariado, 2022/ YL
700 1 _aRíos Ávila, Rubén,
_eprol.
_98222
830 0 _pEl Canon secuestrado (isla negra)
_982510
910 _aYLockward
942 _2ddc
_cLBS1
999 _c52541
_d52541